000
00241 a2200097 4500
000
nam a22 7a 4500
005
20260210153826.0
100
_a
Freud, Sigmund
_9
1114875
245
_a
The Psychopathology of Everyday Life
942
_c
TEXL
999
_c
1679117
_d
1679117